000 00766nam a2200289Ia 4500
005 20260324112420.0
008 008 260324s9999 xx 000 0 eng d
020 _a9781003332176
037 _aEBOOK
040 _aCRL
040 _beng
040 _cCRL
041 _2eng
041 _aeng
084 _qCRL
100 _aMay Sok Mui Lim; Nadya Shaznay Patel; Ramesh Shahdadpuri
_91142598
245 0 _aCoaching Students in Higher Education
245 2 _bA Solution-Focused Approach to Retention, Performance and Wellbeing
260 _bTaylor and Francis
260 _c2024
365 _a
365 _b230
856 _uhttp://www.taylorfrancis.com/books/9781003332176
942 _cEBOOK
999 _c1731795
_d1731795